Statistiques concernant TOP 14 Palmarès

Cliquez ici pour prendre le quiz!

Statistiques générales

  • Ce quiz a été pris 101 fois
  • Le résultat moyen est 28 sur 44

Statistiques - réponses

Vainqueur % Correct
RC Toulon
100%
Montpellier HR
99%
Stade Toulousain
99%
ASM Clermont Auvergne
98%
AS Montferrand
96%
Lyon OU
96%
Racing Club de France
94%
Stade Francais Paris
94%
Racing 92
94%
Stade Bordelais
94%
Biarritz Olympique
93%
Castres Olympique
92%
USA Perpignan
90%
Aviron Bayonnais
87%
SOE Toulouse
86%
Section Paloise
85%
SU Agen
81%
AS Béziers
80%
CA Brive
77%
FC Lyon
75%
FC Grenoble
75%
US Montauban
71%
RC Narbonne
70%
US Dax
69%
Stade Montois
69%
Stadoceste Tarbais
69%
US Carcassonne
67%
Nice UR
63%
CA Bègles-Bordeaux
62%
CA Bègles
60%
FC Lourdes
56%
CS Bourgoin-Jallieu
55%
US Colomiers
51%
La Voulte Sportif
35%
SC Mazamet
23%
CS Vienne
21%
Olympique
21%
US Carmaux
20%
US Quillan
18%
Stade Bagnérais
15%
US Cognac
15%
FC Lézignan
12%
Inter-Nos
11%
SCUF
10%

Distribution des résultats

Percentile par nombre de réponses

% des personnes avec chaque résultat

Votre développement - résultats

Vous n’avez pas pris ce quiz